000 01027nam a22003017a 4500
001 BR7900734
003 BR-BrBNA
005 20230928085922.0
007 ta
008 230509b bl.||||| |||| 00| 0 por d
040 _aBR-BrBNA
_bpor
_cBiblioteca Nacional de Agricultura
041 _a(Por)
072 _aH20
_b0230
_b4120
_b/G514
090 _ 0230 BR7900734
100 1 _aMatsuoka, S.
110 1 _aPrograma Nacional de Melhoramento da Cana-de-Acucar, Araras, SP (Brasil). Coordenadoria Regional Sul
111 1 _a10. Reuniao Plenaria do Grupo de Paises Latinoamericanos y del Caribe Exportadores de Azucar
_cBuenos Aires (Argentina)
_dApr 1979
245 1 _aControle do carvao da cana-de-acucar no Brasil [Fungo; Saccharum spp; Ustilago scitaminea]
260 3 _aAraras, SP (Brasil):
_c1979.
300 _a17 p.
500 _a24 ref.; Summary (Eng)
650 _aDoenca de planta
650 _aCana de acucar
650 _aCarvao
650 _aFungo
909 _a202309
_bLucia
_c55
_dLucia Elande
942 _cBK
999 _c27009
_d27009